| 000 | 00363nam a22001577a 4500 | ||
|---|---|---|---|
| 003 | OSt | ||
| 020 | _a8189757172 | ||
| 040 |
_c0 _d0 |
||
| 082 |
_222 _a005.453 |
||
| 100 | _aPandey, Adesh K. | ||
| 245 | _aConcepts of compiler design / | ||
| 250 | _a1st ed | ||
| 260 |
_aNew Delhi, _bS.K Kataria and Sons, _cc2010 |
||
| 300 |
_a508 p. ; _bill. ; |
||
| 942 |
_2ddc _cIT |
||
| 999 |
_c4824 _d4824 |
||